Soybean chemistry and technology / (Record no. 6424)

MARC details
000 -LEADER
fixed length control field 00682cam a22002171 4500
001 - CONTROL NUMBER
control field BD-DhSAU 6424
003 - CONTROL NUMBER IDENTIFIER
control field BD-DhSAU
005 - DATE AND TIME OF LATEST TRANSACTION
control field 20150508153711.0
008 - FIXED-LENGTH DATA ELEMENTS--GENERAL INFORMATION
fixed length control field 751017s1944 nyuad 000 0 eng
040 ## - CATALOGING SOURCE
Original cataloging agency BD-DhSAU
082 ## - DEWEY DECIMAL CLASSIFICATION NUMBER
Classification number 633.34
Edition number 22
Item number MAS
100 1# - MAIN ENTRY--PERSONAL NAME
Personal name Markley, Klare Stephen,
245 00 - TITLE STATEMENT
Title Soybean chemistry and technology /
Statement of responsibility, etc. by Klare S. Markley ... and Warren H. Goss ...
260 ## - PUBLICATION, DISTRIBUTION, ETC. (IMPRINT)
Place of publication, distribution, etc. Brooklyn, N.Y. :
Name of publisher, distributor, etc. Chemical publishing company, inc. ,
Date of publication, distribution, etc. 1944.
300 ## - PHYSICAL DESCRIPTION
Extent vii, 261 p.:
Other physical details ill. ;
Dimensions 22 cm.
500 ## - GENERAL NOTE
General note "Literature cited" at end of each part.
504 ## - BIBLIOGRAPHY, ETC. NOTE
Bibliography, etc Includes index
590 ## - Name of Cataloguer
Name of Cataloger IMRAN
650 #0 - SUBJECT ADDED ENTRY--TOPICAL TERM
Topical term or geographic name as entry element Soybean.
700 1# - ADDED ENTRY--PERSONAL NAME
Personal name Goss, Warren H.,
Relator term joint author.
942 ## - ADDED ENTRY ELEMENTS (KOHA)
Source of classification or shelving scheme Dewey Decimal Classification
Koha item type Book
Holdings
Withdrawn status Lost status Source of classification or shelving scheme Damaged status Not for loan Home library Branch Name Shelving location Date acquired Total Checkouts Full call number Barcode Date last seen Price effective from Koha item type
    Dewey Decimal Classification   Not For Loan SAU Library SAU Library Reference 05/07/1978   633.34 MAS 665 08/05/2015 08/05/2015 Book